Statistiques concernant Expression #2

Cliquez ici pour prendre le quiz!

Statistiques générales

  • Ce quiz a été pris 52 fois
  • Le résultat moyen est 2 sur 10

Statistiques - réponses

Expression anglaiseTraduction littéraleTraduction en français% Correct
It's a small worldC'est un petit mondeLe monde est petit
90%
All good things come to an endToutes les bonnes choses ont une fin
65%
Slow but sureLentement mais sûrement
38%
The sooner, the betterLe plus tôt sera le mieux
27%
Once and for all, goodbye !Une bonne fois pour toutes, salut !A bon entendeur, salut !
4%
It's the last strawC'est la dernière pailleC'est la goutte d'eau qui fait déborder le vase
4%
To be an early bedderÊtre un couche-tôtSe coucher avec les poules
4%
Time will tellLe temps le diraQui vivra verra
2%
Never say dieNe jamais dire mourirTant qu'il y a de la vie, il y a de l'espoir | Il ne faut jamais désespérer
2%
Anything goesTout est permisTous les moyens sont bons
2%

Distribution des résultats

Percentile par nombre de réponses

% des personnes avec chaque résultat

Votre développement - résultats

Vous n’avez pas pris ce quiz